000 00517cam a2200169 4500500
005 20260405002425.0
041 _afre
042 _adc
100 1 0 _aLacroix, Alexandre
_eauthor
245 0 0 _aFragments d’un discours laborieux
260 _c2017.
500 _a70
690 _aAffection
690 _aTravail
786 0 _nPhilosophie magazine | 109 | 5 | 2017-05-01 | p. 20-22 | 1951-1787
856 4 1 _uhttps://shs.cairn.info/magazine-philosophie-magazine-2017-5-page-20?lang=fr&redirect-ssocas=7080
999 _c2057532
_d2057532